[Event "GER-chT Lands U20"]
[Site "Hannover"]
[Date "2023.10.05"]
[Round "7"]
[White "Schulz, Bruno Andreas"]
[Black "Hubert, Charlotte"]
[Result "1-0"]
[WhiteElo "1709"]
[BlackElo "1897"]
[PlyCount "53"]
[EventDate "2023.10.01"]
[EventType "team-swiss"]
[EventRounds "7"]
[EventCountry "GER"]
[SourceTitle "CBM 216 Extra"]
[Source "ChessBase"]
[SourceDate "2023.11.30"]
[SourceVersion "1"]
[SourceVersionDate "2023.11.30"]
[SourceQuality "1"]

1. d4 Nf6 2. c4 e6 3. Nf3 Bb4+ 4. Nc3 d5 5. cxd5 exd5 6. Bf4 c6 7. e3 0-0 8. Bd3 Nbd7 9. 0-0 Re8 10. Ne5 Nf8 11. Re1 Ne6 12. Bg3 g6 13. Bh4 Be7 14. Bc2 Ng7 15. e4 Nxe4 16. Bxe7 Nxc3 17. Nxf7 Nxd1 18. Nxd8 Nxb2 19. Bf6 Rf8 20. Be7 Rf4 21. g3 Rxd4 22. Bf6 Rd2 23. Re7 Ne6 24. Re8+ Nf8 25. Rae1 Bd7 26. R1e7 Bxe8 27. Rg7+ 1-0

[Event "GER-chT Lands U20"]
[Site "Hannover"]
[Date "2023.10.03"]
[Round "4"]
[White "Hoffmann, Kay"]
[Black "Schulz, Bruno Andreas"]
[Result "1-0"]
[WhiteElo "2036"]
[BlackElo "1709"]
[PlyCount "105"]
[EventDate "2023.10.01"]
[EventType "team-swiss"]
[EventRounds "7"]
[EventCountry "GER"]
[SourceTitle "CBM 216 Extra"]
[Source "ChessBase"]
[SourceDate "2023.11.30"]
[SourceVersion "1"]
[SourceVersionDate "2023.11.30"]
[SourceQuality "1"]

1. d4 d5 2. Bf4 Nf6 3. e3 c5 4. c3 Nc6 5. Nf3 Qb6 6. Qc2 Bf5 7. dxc5 Bxc2 8. cxb6 axb6 9. Na3 e5 10. Nxc2 exf4 11. exf4 Bd6 12. g3 0-0 13. Bd3 Rfe8+ 14. Kf1 h6 15. Kg2 Rad8 16. Rhe1 Bc7 17. Ncd4 Bb8 18. Bb5 Nxd4 19. Nxd4 Rxe1 20. Rxe1 Kf8 21. Nf3 g6 22. Ne5 d4 23. Rd1 Rd5 24. Bc4 dxc3 25. Bxd5 Bxe5 26. fxe5 c2 27. Rc1 Nxd5 28. Rxc2 Ke7 29. Kf3 Ke6 30. Ke4 Nb4 31. Rd2 Nc6 32. f4 h5 33. h3 b5 34. g4 hxg4 35. hxg4 b4 36. Rd6+ Ke7 37. Rxc6 bxc6 38. f5 g5 39. Kd4 b3 40. a4 c5+ 41. Kxc5 f6 42. e6 Kd8 43. Kd6 Ke8 44. e7 Kf7 45. Kd7 Kg7 46. e8Q Kh7 47. Qg6+ Kh8 48. Qxf6+ Kg8 49. a5 Kh7 50. a6 Kg8 51. a7 Kh7 52. Qg6+ Kh8 53. a8R# 1-0

[Event "GER-chT Lands U20"]
[Site "Hannover"]
[Date "2023.10.02"]
[Round "3"]
[White "Aniol, Nico"]
[Black "Schulz, Bruno Andreas"]
[Result "1-0"]
[WhiteElo "1693"]
[BlackElo "1709"]
[PlyCount "77"]
[EventDate "2023.10.01"]
[EventType "team-swiss"]
[EventRounds "7"]
[EventCountry "GER"]
[SourceTitle "CBM 216 Extra"]
[Source "ChessBase"]
[SourceDate "2023.11.30"]
[SourceVersion "1"]
[SourceVersionDate "2023.11.30"]
[SourceQuality "1"]

1. Nf3 c5 2. g3 Nc6 3. Bg2 g6 4. 0-0 Bg7 5. d3 e6 6. e4 Nge7 7. Nc3 0-0 8. Be3 Nd4 9. Qd2 Nec6 10. Nd1 Nxf3+ 11. Bxf3 Ne5 12. Bg2 b6 13. Bh6 d5 14. Bxg7 Kxg7 15. exd5 exd5 16. Ne3 Be6 17. d4 cxd4 18. Qxd4 Qf6 19. Rad1 Rad8 20. b3 Rfe8 21. f4 Nd7 22. Nxd5 Bxd5 23. Bxd5 Re2 24. Bc6 Ne5 25. Qxd8 Qxc6 26. Qd5 Qxc2 27. fxe5 Rxh2 28. Qxf7+ Kh6 29. Qf8+ Kh5 30. Qf3+ Kh6 31. Rde1 Rd2 32. Rf2 g5 33. Rxd2 Qxd2 34. Re2 Qd1+ 35. Kg2 b5 36. e6 a5 37. e7 g4 38. Re6+ Kg7 39. Qf8# 1-0

[Event "GER-chT Lands U20"]
[Site "Hannover"]
[Date "2023.10.01"]
[Round "2"]
[White "Schulz, Bruno Andreas"]
[Black "Groeschel, Karoline"]
[Result "1-0"]
[WhiteElo "1709"]
[BlackElo "1934"]
[PlyCount "69"]
[EventDate "2023.10.01"]
[EventType "team-swiss"]
[EventRounds "7"]
[EventCountry "GER"]
[SourceTitle "CBM 216 Extra"]
[Source "ChessBase"]
[SourceDate "2023.11.30"]
[SourceVersion "1"]
[SourceVersionDate "2023.11.30"]
[SourceQuality "1"]

1. d4 Nf6 2. c4 e6 3. Nf3 d5 4. Nc3 Bb4 5. cxd5 exd5 6. Bf4 0-0 7. e3 c6 8. Bd3 Re8 9. 0-0 Nbd7 10. Ne5 Nxe5 11. Bxe5 Ng4 12. Bg3 Bd6 13. Ne2 Bxg3 14. Nxg3 Qh4 15. h3 Nxe3 16. Qe1 Qg5 17. h4 Qh6 18. fxe3 Rxe3 19. Qf2 Be6 20. Bf5 Re8 21. Bxe6 Qxe6 22. Nf5 Re2 23. Qg3 g6 24. Nh6+ Kg7 25. Rxf7+ Kh8 26. Rf3 Qe4 27. Raf1 Qxd4+ 28. Kh1 Qg7 29. Nf7+ Kg8 30. Nd6 Rd8 31. Qg4 Qe7 32. Nf5 Qe8 33. Nh6+ Kg7 34. Rf7+ Kh8 35. Rf8+ 1-0

[Event "GER-ch U16"]
[Site "Willingen"]
[Date "2023.06.03"]
[Round "9"]
[White "Heinisch, Niklas"]
[Black "Schulz, Bruno Andreas"]
[Result "1-0"]
[WhiteElo "1903"]
[BlackElo "1796"]
[PlyCount "109"]
[EventDate "2023.05.27"]
[EventType "swiss"]
[EventRounds "9"]
[EventCountry "GER"]
[SourceTitle "CBM 214 Extra"]
[Source "ChessBase"]
[SourceDate "2023.07.31"]
[SourceVersion "1"]
[SourceVersionDate "2023.07.31"]
[SourceQuality "1"]

1. c4 e6 2. Nc3 Nf6 3. e4 d6 4. g3 c5 5. Bg2 Nc6 6. Nge2 g6 7. d3 Bg7 8. 0-0 a6 9. h3 h5 10. Be3 h4 11. d4 cxd4 12. Nxd4 Ne5 13. b3 hxg3 14. fxg3 Qe7 15. Bg5 Rh5 16. Qd2 Ned7 17. Rad1 Qf8 18. g4 Rxg5 19. Qxg5 e5 20. Nde2 Bh6 21. Qh4 Qg7 22. g5 Nh5 23. gxh6 Qxh6 24. Nd5 g5 25. Qf2 Nf4 26. Nexf4 gxf4 27. Nc7+ Kf8 28. Nxa8 Nc5 29. Qf3 Qg6 30. Nb6 Be6 31. b4 Nd7 32. Nxd7+ Bxd7 33. c5 d5 34. Rxd5 Bc6 35. Rd6 Qg7 36. Qg4 Qh7 37. Qf5 Qh4 38. Qc8+ Be8 39. Rd8 Qe7 40. Rxe8+ Qxe8 41. Qxe8+ Kxe8 42. h4 Ke7 43. a4 Kf6 44. b5 axb5 45. axb5 Kg6 46. c6 bxc6 47. b6 c5 48. b7 c4 49. b8Q c3 50. Qd6+ f6 51. h5+ Kg5 52. Qe6 c2 53. Qf5+ Kh4 54. Bh3 c1Q 55. Qg4# 1-0

[Event "GER-chT Christmas U16 Steinitz"]
[Site "Playchess.com INT"]
[Date "2020.12.28"]
[Round "1.1"]
[White "Schulz, Bruno Andreas"]
[Black "Tovmasyan, Minas"]
[Result "0-1"]
[WhiteElo "1171"]
[BlackElo "1771"]
[PlyCount "152"]
[EventDate "2020.12.28"]
[EventType "team-swiss (blitz)"]
[EventRounds "7"]
[EventCountry "GER"]
[SourceTitle "CBM 200 Extra"]
[Source "ChessBase"]
[SourceDate "2021.03.31"]
[SourceVersion "1"]
[SourceVersionDate "2021.03.31"]
[SourceQuality "1"]
[WhiteTeam "Rostock Makkabi II"]
[BlackTeam "Rostock Makkabi"]
[WhiteTeamCountry "GER"]
[BlackTeamCountry "GER"]

1. d4 Nf6 2. c4 c5 3. d5 b5 4. cxb5 a6 5. Nf3 axb5 6. e3 b4 7. Nbd2 d6 8. Nb3 g6 9. Be2 Bg7 10. 0-0 0-0 11. Re1 Nbd7 12. Bf1 Ne4 13. Qc2 Nef6 14. g3 Nxd5 15. Bg2 Bb7 16. Ng5 Qc7 17. Nh3 N7f6 18. e4 Nb6 19. Nf4 e5 20. Nh3 c4 21. Bd2 Rac8 22. Na5 c3 23. bxc3 bxc3 24. Nxb7 cxd2 25. Qxd2 Qxb7 26. Qxd6 Nc4 27. Qd1 Rfd8 28. Qe2 Qb2 29. Qxb2 Nxb2 30. Rab1 Nd3 31. Red1 Nc5 32. Rxd8+ Rxd8 33. Rc1 Ncxe4 34. Bxe4 Nxe4 35. Re1 Nc3 36. Ng5 Rd1 37. Rxd1 Nxd1 38. Kf1 Nc3 39. a3 Bf8 40. Nf3 f6 41. Nd2 Bxa3 42. Nc4 Bc5 43. Ke1 Kf7 44. f3 Ke6 45. Kd2 Nd5 46. Ke2 f5 47. h4 e4 48. fxe4 fxe4 49. g4 h6 50. Kd2 h5 51. g5 Kf5 52. Ke2 e3 53. Kf3 Nf4 54. Nxe3+ Bxe3 55. Kxe3 Kg4 56. Kf2 Kxh4 57. Kg1 Kxg5 58. Kh2 Kg4 59. Kg1 h4 60. Kh2 Kg5 61. Kg1 Kg4 62. Kh2 g5 63. Kg1 Kg3 64. Kh1 h3 65. Kg1 g4 66. Kh1 Kh4 67. Kh2 g3+ 68. Kh1 Nd3 69. Kg1 g2 70. Kh2 Ne5 71. Kg1 Nf3+ 72. Kf2 Kg4 73. Ke2 g1Q 74. Kd3 Qd4+ 75. Ke2 Qd2+ 76. Kf1 Qg2# 0-1

[Event "Mecklenburg VP-ch Youth"]
[Site "Malchow"]
[Date "2017.02.08"]
[Round "3.4"]
[White "Ivanov, Alexander4"]
[Black "Schulz, Bruno Andreas"]
[Result "1-0"]
[WhiteElo "1008"]
[BlackElo "771"]
[PlyCount "47"]
[EventDate "2017.02.08"]
[EventType "swiss"]
[EventRounds "7"]
[EventCountry "GER"]
[SourceTitle "EXT 2022"]
[Source "ChessBase"]
[SourceDate "2021.10.06"]
[SourceVersion "1"]
[SourceVersionDate "2021.10.06"]
[SourceQuality "1"]

1. d4 d5 2. c4 e6 3. Nc3 Nf6 4. Nf3 Bb4 5. a3 Bxc3+ 6. bxc3 0-0 7. Bf4 Nc6 8. e3 b6 9. Be2 Bb7 10. 0-0 Na5 11. Qd2 Nb3 12. Qc2 Nxa1 13. Rxa1 dxc4 14. Bxc4 a6 15. Ng5 Qd7 16. Bd3 Qc6 17. Bxh7+ Kh8 18. f3 Ng4 19. Bg8 g6 20. Bxf7 e5 21. dxe5 Rad8 22. Ne6 b5 23. Qxg6 Rd7 24. Qg7# 1-0

[Event "Mecklenburg VP-ch Youth"]
[Site "Malchow"]
[Date "2017.02.08"]
[Round "1.2"]
[White "Schulz, Bruno Andreas"]
[Black "Gressler, Christian"]
[Result "0-1"]
[WhiteElo "771"]
[BlackElo "1129"]
[PlyCount "58"]
[EventDate "2017.02.08"]
[EventType "swiss"]
[EventRounds "7"]
[EventCountry "GER"]
[SourceTitle "EXT 2022"]
[Source "ChessBase"]
[SourceDate "2021.10.06"]
[SourceVersion "1"]
[SourceVersionDate "2021.10.06"]
[SourceQuality "1"]

1. d4 d5 2. c4 c6 3. Nf3 Nf6 4. g3 Bg4 5. Bg2 e6 6. 0-0 Nbd7 7. Nc3 Bb4 8. a3 Bxc3 9. bxc3 Ne4 10. Qd3 h6 11. h3 Bh5 12. Ne5 Nxe5 13. dxe5 Bg6 14. e3 Nxg3 15. Qd1 Nxf1 16. Kxf1 0-0 17. f4 dxc4 18. Qa4 b5 19. Qb4 Rc8 20. Qc5 Qd7 21. Bf3 Bf5 22. Kg2 Rfd8 23. Bb2 Qb7 24. e4 Rd2+ 25. Kg3 Bxe4 26. Bxe4 Rxb2 27. Rd1 f5 28. Bf3 Qb6 29. Qe7 Qf2# 0-1